| 000 | 00817nac a22002051u 4500 | ||
|---|---|---|---|
| 008 | 100923t xxu||||| |||| 00| 0 eng d | ||
| 010 | _a83011132 | ||
| 020 | _a812970045X | ||
| 082 | 0 | 0 |
_a670.285 _bGRO |
| 100 |
_aGroover, Mikell P., _919886 |
||
| 245 | 1 | 0 |
_aCAD/CAM : _bcomputer-aided design and manufacturing / _cMikell P. Groover, Emory W. Zimmers, Jr. |
| 260 |
_aNew Delhi : _bPearson Education, _cc2003. |
||
| 300 |
_axix, 489 p. : _bill. ; _c24 cm. |
||
| 504 | _aIncludes bibliographies and index. | ||
| 650 | 0 |
_aCAD/CAM systems. _919887 |
|
| 700 | 1 |
_aZimmers, Emory W. _919888 |
|
| 740 | 0 | _aC.A.D./C.A.M. | |
| 942 |
_cBB _k670.285 GRO _2ddc |
||
| 999 |
_c683 _d683 |
||